书目信息 |
| 题名: |
科学鬼才
|
|
| 作者: | 德科 著 ;万皓 译 | |
| 分册: | ||
| 出版信息: | 北京 人民邮电出版社 2017 |
|
| 页数: | 11, 283页 | |
| 开本: | 29cm | |
| 丛书名: | ||
| 单 册: | ||
| 中图分类: | TP242.6 | |
| 科图分类: | ||
| 主题词: | 智能机器人--zhi neng ji qi ren--制作--普及读物 , 机器人技术 | |
| 电子资源: | ||
| ISBN: | 978-7-115-46916-8 | |
| 000 | 01547nam 2200337 450 | |
| 001 | 012017000119 | |
| 005 | 20180115170541.92 | |
| 010 | @a978-7-115-46916-8@b@dCNY79.00 | |
| 100 | @a20171128d2017 em y0chiy0121 ea | |
| 101 | 1 | @achi@ceng |
| 102 | @aCN@b110000 | |
| 105 | @aak z 000yy | |
| 106 | @ar | |
| 200 | 1 | @a科学鬼才@Ake xue gui cai@e智能机器人制作123例@f(美) Myke Predko著@g万皓译 |
| 210 | @a北京@c人民邮电出版社@d2017 | |
| 215 | @a11, 283页@c图@d29cm | |
| 306 | @a本授权中文简体字翻译版由麦格劳-希尔 (亚洲) 教育出版公司和人民邮电出版社合作出版 | |
| 312 | @a英文题名原文取自封面 | |
| 314 | @a责任者规范汉译姓: 德科 | |
| 314 | @aMyke Predko, 是McGraw-Hill出版社发行的多本畅销书的作者, 也是TAB电子相扑机器人的首席设计师。他目前就职于加拿大多伦多Celestica公司。 | |
| 330 | @a本书以智能机器人制作为主题, 首先介绍了机器人的基本概念及结构特点、电工学基础理论, 进而针对电磁装置、机器人驱动链、PBASIC程序设计语言、移动机器人、机器人导航等方面进行实例讲解。书中对读者在实验过程中可能遇到的问题进行了详细的论述, 并提供调试电路、解决问题的办法, 给出一些相关的源程序, 同时将作者自己积累的经验告诉读者。 | |
| 500 | 10 | @a123 robotics experiments for the evil genius@mChinese |
| 517 | 1 | @a智能机器人制作123例@Azhi neng ji qi ren zhi zuo 123 li |
| 606 | 0 | @a智能机器人@Azhi neng ji qi ren@x制作@j普及读物 |
| 606 | 0 | @a机器人技术 |
| 690 | @aTP242.6@v5 | |
| 701 | 1 | @a德科@Ade ke@g(Predko, Myke)@4著 |
| 702 | 0 | @a万皓@Awan hao@4译 |
| 801 | 0 | @aCN@b湖北三新@c20171128@g |
| 905 | @aBZT@dTP242.6@e2 | |
| 906 | @dCNY79.00@n5@r1 | |
| 科学鬼才:智能机器人制作123例/(美) Myke Predko著/万皓译.-北京:人民邮电出版社,2017 |
| 11, 283页:图;29cm |
| ISBN 978-7-115-46916-8:CNY79.00 |
| 本书以智能机器人制作为主题, 首先介绍了机器人的基本概念及结构特点、电工学基础理论, 进而针对电磁装置、机器人驱动链、PBASIC程序设计语言、移动机器人、机器人导航等方面进行实例讲解。书中对读者在实验过程中可能遇到的问题进行了详细的论述, 并提供调试电路、解决问题的办法, 给出一些相关的源程序, 同时将作者自己积累的经验告诉读者。 |
| ● |
| 相关链接 |
|
|
|
正题名:科学鬼才
索取号:TP242.6/2
 
预约/预借
| 序号 | 登录号 | 条形码 | 馆藏地/架位号 | 状态 | 备注 |
| 1 | 843220 | 2000843220 | 第二书库/ [索取号:TP242.6/2] | 在馆 | |
| 2 | 843221 | 2000843221 | 第二书库/ [索取号:TP242.6/2] | 在馆 | |
| 3 | 843222 | 2000843222 | 第二书库/ [索取号:TP242.6/2] | 在馆 | |
| 4 | 843223 | 2000843223 | 第二书库/ [索取号:TP242.6/2] | 在馆 | |
| 5 | 843224 | 2000843224 | 第二书库/ [索取号:TP242.6/2] | 在馆 |